[Event "Barcelonca Manana IM"]
[Site "Barcelona"]
[Date "2020.08.05"]
[Round "5"]
[White "Valenzuela Gomez, Fernando Alberto"]
[Black "Piedra Salabarria, Ernesto"]
[Result "0-1"]
[WhiteElo "2350"]
[BlackElo "2282"]
[PlyCount "96"]
[EventDate "2020.08.01"]
[EventType "tourn"]
[EventRounds "9"]
[EventCountry "ESP"]
[EventCategory "3"]
[SourceTitle "CBM 197 Extra"]
[Source "ChessBase"]
[SourceDate "2020.09.30"]
[SourceVersion "1"]
[SourceVersionDate "2020.09.30"]
[SourceQuality "1"]

1. e4 c5 2. Nf3 Nc6 3. d4 cxd4 4. Nxd4 g6 5. c4 Nf6 6. Nc3 Nxd4 7. Qxd4 d6 8. Bg5 Bg7 9. Qd2 0-0 10. Rc1 Be6 11. b3 a6 12. Bd3 Qa5 13. 0-0 Rfc8 14. Rfe1 b5 15. Nd5 Qxd2 16. Bxd2 Bxd5 17. exd5 bxc4 18. Bxc4 Kf8 19. b4 Ke8 20. a4 Kd7 21. Bb3 Rxc1 22. Rxc1 Ne4 23. Be3 Nc3 24. Kf1 Rb8 25. b5 axb5 26. axb5 e6 27. dxe6+ fxe6 28. b6 d5 29. Ra1 Kc6 30. Ra7 Rb7 31. Ra8 d4 32. Rc8+ Kd7 33. Rg8 Bf6 34. Bc1 Rxb6 35. Bc2 Ra6 36. Bb2 Ra2 37. Rb8 Kc7 38. Rb4 Nd5 39. Rb3 d3 40. Bxd3 Rxb2 41. Rxb2 Bxb2 42. g3 Kd6 43. h4 Nf6 44. Kg2 Kd5 45. Bb1 Bd4 46. Kf3 e5 47. Ba2+ Kd6 48. Kg2 e4 0-1

[Event "Barcelonca Manana IM"]
[Site "Barcelona"]
[Date "2020.08.04"]
[Round "4"]
[White "Piedra Salabarria, Ernesto"]
[Black "Munoz Pantoja, Miguel Angel"]
[Result "1/2-1/2"]
[WhiteElo "2282"]
[BlackElo "2456"]
[PlyCount "49"]
[EventDate "2020.08.01"]
[EventType "tourn"]
[EventRounds "9"]
[EventCountry "ESP"]
[EventCategory "3"]
[SourceTitle "CBM 197 Extra"]
[Source "ChessBase"]
[SourceDate "2020.09.30"]
[SourceVersion "1"]
[SourceVersionDate "2020.09.30"]
[SourceQuality "1"]

1. d4 Nf6 2. Nf3 c5 3. d5 b5 4. Bg5 g6 5. a4 b4 6. Bxf6 exf6 7. e4 Bg7 8. Nbd2 0-0 9. Bd3 d6 10. 0-0 Nd7 11. Nc4 Ne5 12. Nfd2 Re8 13. Rb1 a5 14. f4 Nxc4 15. Nxc4 Ba6 16. Qf3 Qe7 17. Nd2 Qa7 18. Kh1 Re7 19. b3 Rae8 20. f5 Bh6 21. Bxa6 Bxd2 22. Bb5 Rf8 23. Qg4 Kg7 24. Rbd1 Bc3 25. Rd3 1/2-1/2

[Event "Barcelonca Manana IM"]
[Site "Barcelona"]
[Date "2020.08.02"]
[Round "2"]
[White "Piedra Salabarria, Ernesto"]
[Black "Perez Perez, Gabriel"]
[Result "0-1"]
[WhiteElo "2282"]
[BlackElo "2185"]
[PlyCount "122"]
[EventDate "2020.08.01"]
[EventType "tourn"]
[EventRounds "9"]
[EventCountry "ESP"]
[EventCategory "3"]
[SourceTitle "CBM 197 Extra"]
[Source "ChessBase"]
[SourceDate "2020.09.30"]
[SourceVersion "1"]
[SourceVersionDate "2020.09.30"]
[SourceQuality "1"]

1. d4 Nf6 2. Nf3 d5 3. c4 e6 4. Nc3 c6 5. e3 Be7 6. g4 Ne4 7. Bd3 Nxc3 8. bxc3 dxc4 9. Bxc4 c5 10. h4 b6 11. Ne5 Bb7 12. Rg1 0-0 13. g5 Nd7 14. f4 Be4 15. Ng4 cxd4 16. cxd4 Qc7 17. Bb3 Rfc8 18. Bd2 Ba3 19. Qe2 Bb2 20. Rd1 Qb7 21. Kf2 b5 22. h5 Ba3 23. Nh2 g6 24. Bc1 Bxc1 25. Rxc1 a5 26. a4 bxa4 27. Bxa4 Nb6 28. Bb5 Nd5 29. Bc4 gxh5 30. Nf3 Rcb8 31. Nd2 Bg6 32. Nb3 a4 33. Nc5 Qb2 34. Nd7 Nc3 35. Nf6+ Kg7 36. Qxb2 Rxb2+ 37. Kf3 Nb5 38. Bxb5 Rxb5 39. Rc5 Rb3 40. Rgc1 a3 41. Rc8 Rbb8 42. Rxb8 Rxb8 43. Ra1 Rb3 44. Nd7 Rc3 45. Nc5 Bc2 46. Ke2 h4 47. Kd2 Rxc5 48. dxc5 Be4 49. Kc3 h3 50. Kd4 Bg2 51. c6 Bxc6 52. e4 h2 53. Rh1 a2 54. Ke3 Ba4 55. Kd3 Bc6 56. Kd4 Kf8 57. Ra1 Ke7 58. Rh1 Kd6 59. Ra1 Bb5 60. Kc3 Be2 61. e5+ Kd5 0-1

[Event "Catalunya-chT Gp1"]
[Site "Barcelona"]
[Date "2020.02.08"]
[Round "4.3"]
[White "Diaz Camallonga, Carles"]
[Black "Piedra Salabarria, Ernesto"]
[Result "1-0"]
[WhiteElo "2474"]
[BlackElo "2299"]
[PlyCount "95"]
[EventDate "2020.01.18"]
[EventType "team-tourn"]
[EventRounds "7"]
[EventCountry "ESP"]
[SourceTitle "CBM 194 Extra"]
[Source "ChessBase"]
[SourceDate "2020.03.31"]
[SourceVersion "1"]
[SourceVersionDate "2020.03.31"]
[SourceQuality "1"]
[WhiteTeam "Colon Sabadell"]
[BlackTeam "Badalona Cor de Marina"]
[WhiteTeamCountry "ESP"]
[BlackTeamCountry "ESP"]

1. e4 c5 2. Nf3 Nc6 3. d4 cxd4 4. Nxd4 g6 5. c4 Nf6 6. Nc3 Nxd4 7. Qxd4 d6 8. Be3 Bg7 9. f3 0-0 10. Qd2 Be6 11. Rc1 a5 12. Be2 a4 13. Kf2 Nd7 14. Rhd1 Qa5 15. Nd5 Bxd5 16. cxd5 Nc5 17. Qxa5 Rxa5 18. Rc2 f5 19. exf5 Rxf5 20. g4 Rf8 21. Kg2 Be5 22. h4 b6 23. Bd2 Raa8 24. Bb5 Rf7 25. Be3 h5 26. Be2 Raf8 27. Rb1 b5 28. a3 Rb8 29. Re1 b4 30. Bxc5 dxc5 31. Bd3 Bd4 32. Bxg6 Rg7 33. Bxh5 bxa3 34. bxa3 Rb3 35. Ree2 Rh7 36. Kg3 Rxa3 37. Ra2 Be5+ 38. Kg2 Rxa2 39. Rxa2 Rh6 40. Rxa4 Rb6 41. g5 Rb2+ 42. Kh3 Rd2 43. f4 Bd4 44. Bf3 Rc2 45. h5 Rc1 46. h6 c4 47. Ra8+ Kf7 48. Bh5# 1-0

[Event "Catalunya-chT Gp1"]
[Site "Barcelona"]
[Date "2020.02.01"]
[Round "3.3"]
[White "Piedra Salabarria, Ernesto"]
[Black "Sosa, Tomas Sebastian"]
[Result "1/2-1/2"]
[WhiteElo "2299"]
[BlackElo "2508"]
[PlyCount "108"]
[EventDate "2020.01.18"]
[EventType "team-tourn"]
[EventRounds "7"]
[EventCountry "ESP"]
[SourceTitle "CBM 194 Extra"]
[Source "ChessBase"]
[SourceDate "2020.03.31"]
[SourceVersion "1"]
[SourceVersionDate "2020.03.31"]
[SourceQuality "1"]
[WhiteTeam "Badalona Cor de Marina"]
[BlackTeam "Mollet"]
[WhiteTeamCountry "ESP"]
[BlackTeamCountry "ESP"]

1. d4 e6 2. Nf3 Nf6 3. Bf4 c5 4. e3 Nc6 5. c3 d5 6. Nbd2 Nh5 7. Bg5 Qb6 8. Qb3 h6 9. Bh4 g5 10. Bg3 Nxg3 11. hxg3 Bg7 12. Qb5 c4 13. Qxb6 axb6 14. a3 b5 15. Rc1 f5 16. Ng1 Bd7 17. Be2 Ke7 18. f4 g4 19. Bd1 h5 20. Ne2 Bf6 21. Kf2 Rh6 22. Bc2 Na7 23. Rh2 Nc8 24. Rch1 Be8 25. Nc1 Kd8 26. Na2 Be7 27. Nb1 Bf7 28. Nb4 Kc7 29. Ke1 Na7 30. Kd2 Nc6 31. Na2 Rah8 32. Nc1 Nb8 33. Ne2 Nd7 34. Kc1 Nf8 35. Nd2 Ng6 36. Nf1 Be8 37. Bd1 Kb6 38. Bc2 Bd7 39. Nd2 Kc7 40. Bd1 Kd8 41. Bc2 Kc7 42. Bd1 Be8 43. Bc2 Bc6 44. Bd1 Kd8 45. Nf1 Ke8 46. Bc2 Kf7 47. Bd1 Kg7 48. Nd2 Be8 49. Bc2 Bc6 50. Bd1 h4 51. gxh4 Rxh4 52. Rxh4 Rxh4 53. Rxh4 Nxh4 54. g3 Ng6 1/2-1/2

[Event "Barcelona Christmas IM"]
[Site "Barcelona"]
[Date "2019.12.31"]
[Round "5"]
[White "Masague Artero, Guerau"]
[Black "Piedra Salabarria, Ernesto"]
[Result "1-0"]
[WhiteElo "2265"]
[BlackElo "2304"]
[PlyCount "107"]
[EventDate "2019.12.27"]
[EventType "tourn"]
[EventRounds "9"]
[EventCountry "ESP"]
[EventCategory "1"]
[SourceTitle "CBM 194 Extra"]
[Source "ChessBase"]
[SourceDate "2020.03.31"]
[SourceVersion "1"]
[SourceVersionDate "2020.03.31"]
[SourceQuality "1"]

1. c4 c5 2. Nc3 b6 3. e4 Bb7 4. Nf3 d6 5. d4 cxd4 6. Nxd4 Nf6 7. f3 e6 8. Be2 Be7 9. 0-0 0-0 10. Be3 a6 11. Rc1 Nbd7 12. Qd2 Qc7 13. Rfd1 Rac8 14. a3 Rfd8 15. Qe1 Qb8 16. b4 Bf8 17. Nb3 Ba8 18. Qf2 Rc7 19. Na4 Rb7 20. Rd2 Rc8 21. Rcd1 b5 22. Nb2 Ne5 23. c5 d5 24. Bf4 dxe4 25. fxe4 Nxe4 26. Qd4 Nxd2 27. Nxd2 Nc6 28. Qf2 e5 29. Bg3 Rd8 30. Nd3 Rbd7 31. Ne4 f6 32. Bh4 Be7 33. Bf1 Rd4 34. Nc3 Qc8 35. Qa2+ Kh8 36. Bf2 Rg4 37. Re1 Rxd3 38. Bxd3 Nxb4 39. axb4 Rxg2+ 40. Kf1 Qh3 41. Re3 Rg1+ 42. Ke2 Qf1+ 43. Kd2 Qxf2+ 44. Re2 Qf4+ 45. Kc2 e4 46. Bxb5 Qc1+ 47. Kb3 Rd1 48. Rc2 Qe3 49. Qxa6 Rd8 50. c6 Qd4 51. c7 Qxb4+ 52. Ka2 Bd5+ 53. Nxd5 Rxd5 54. c8Q+ 1-0

[Event "Barcelona Christmas IM"]
[Site "Barcelona"]
[Date "2019.12.30"]
[Round "4"]
[White "Piedra Salabarria, Ernesto"]
[Black "Jimenez Ruano, Adrian"]
[Result "1/2-1/2"]
[WhiteElo "2304"]
[BlackElo "2263"]
[PlyCount "139"]
[EventDate "2019.12.27"]
[EventType "tourn"]
[EventRounds "9"]
[EventCountry "ESP"]
[EventCategory "1"]
[SourceTitle "CBM 194 Extra"]
[Source "ChessBase"]
[SourceDate "2020.03.31"]
[SourceVersion "1"]
[SourceVersionDate "2020.03.31"]
[SourceQuality "1"]

1. d4 Nf6 2. Nf3 b6 3. c4 Bb7 4. Nc3 g6 5. g3 Bg7 6. Bg2 0-0 7. 0-0 d6 8. d5 c5 9. e4 e5 10. dxe6 fxe6 11. Ng5 Qe7 12. e5 dxe5 13. Bxb7 Qxb7 14. Nxe6 Re8 15. Qd6 Qe7 16. Qxe7 Rxe7 17. Nxg7 Kxg7 18. Bg5 Nbd7 19. Rad1 h6 20. Nd5 Rf7 21. Bxf6+ Nxf6 22. Nxf6 Rxf6 23. Rfe1 Re8 24. Re4 Rfe6 25. Kg2 g5 26. a3 Kf6 27. Rd5 Kf5 28. f3 Kf6 29. Kf2 R8e7 30. Ke3 Re8 31. Kd3 R8e7 32. Re2 Kf5 33. Ke3 h5 34. Red2 Re8 35. h3 Kg6 36. Rd6 h4 37. g4 Kf6 38. Ke4 Rf8 39. Rd8 Rf7 40. R2d7 Ree7 41. Rxe7 Kxe7 42. Ra8 Ke6 43. Re8+ Kd6 44. b3 b5 45. cxb5 c4 46. bxc4 Rf4+ 47. Ke3 Rxc4 48. Rg8 Ra4 49. Rxg5 Rxa3+ 50. Ke4 Ra4+ 51. Ke3 Ra5 52. Ke2 Ra2+ 53. Kd3 Ra3+ 54. Kc4 Rxf3 55. Rg6+ Kc7 56. Kc5 Rc3+ 57. Kd5 Rxh3 58. Rc6+ Kb7 59. Rh6 Rh1 60. Kxe5 h3 61. Kf4 h2 62. Kg5 Kc7 63. Rc6+ Kb7 64. Rc2 Kb6 65. Rb2 Rg1 66. Rxh2 Kxb5 67. Rb2+ Kc5 68. Ra2 Kb6 69. Kf5 a5 70. g5 1/2-1/2

[Event "Barcelona August IM"]
[Site "Barcelona"]
[Date "2019.08.11"]
[Round "7"]
[White "Piedra Salabarria, Ernesto"]
[Black "Cruz Estrada, Filemon"]
[Result "1-0"]
[WhiteElo "2271"]
[BlackElo "2309"]
[PlyCount "131"]
[EventDate "2019.08.05"]
[EventType "tourn"]
[EventRounds "9"]
[EventCountry "ESP"]
[EventCategory "2"]
[SourceTitle "CBM 191 Extra"]
[Source "ChessBase"]
[SourceDate "2019.09.30"]
[SourceVersion "1"]
[SourceVersionDate "2019.09.30"]
[SourceQuality "1"]

1. d4 d5 2. Nf3 Nf6 3. c4 e6 4. Nc3 Bb4 5. e3 0-0 6. Qb3 c5 7. dxc5 Nc6 8. Be2 Bxc5 9. cxd5 exd5 10. 0-0 Qd6 11. Rd1 Rd8 12. Bd2 a6 13. Na4 Ba7 14. Nb6 Nd4 15. Nxd4 Qxb6 16. Qa3 Qd6 17. Qxd6 Rxd6 18. Bb4 Rb6 19. Ba3 Bb8 20. Rac1 Bd7 21. b3 Bd6 22. Bxd6 Rxd6 23. Rc7 Rb8 24. Rdc1 Kf8 25. Bd3 g6 26. Kf1 Ke7 27. Ke2 Ne8 28. R7c5 Ng7 29. f3 Re8 30. Rc7 Rb6 31. e4 Kd6 32. Kd2 dxe4 33. Bxe4 Rb8 34. Ke3 Re8 35. Kd3 Rb8 36. f4 Rb4 37. R7c4 Rxc4 38. Rxc4 b5 39. Rc1 a5 40. Bc6 Ne6 41. Bxd7 Kxd7 42. Nc6 Rb6 43. Ne5+ Ke7 44. Ke4 Rd6 45. Ke3 Kf6 46. Rc8 Rd1 47. Rb8 Re1+ 48. Kf2 Ra1 49. Rxb5 Nxf4 50. Rxa5 Rc1 51. g3 Rc2+ 52. Kf3 Ne6 53. Ng4+ Kg7 54. Ra7 h5 55. Ne5 Ng5+ 56. Kf4 Ne6+ 57. Ke3 Kf6 58. Nxf7 Rxh2 59. Nd6 h4 60. Ne4+ Kf5 61. Ra5+ Kg4 62. Re5 Ng7 63. Nf2+ Rxf2 64. Kxf2 hxg3+ 65. Kg2 Kf4 66. Rb5 1-0

[Event "Barcelona August IM"]
[Site "Barcelona"]
[Date "2019.08.10"]
[Round "6"]
[White "Jimenez Ruano, Adrian"]
[Black "Piedra Salabarria, Ernesto"]
[Result "1-0"]
[WhiteElo "2278"]
[BlackElo "2271"]
[PlyCount "139"]
[EventDate "2019.08.05"]
[EventType "tourn"]
[EventRounds "9"]
[EventCountry "ESP"]
[EventCategory "2"]
[SourceTitle "CBM 191 Extra"]
[Source "ChessBase"]
[SourceDate "2019.09.30"]
[SourceVersion "1"]
[SourceVersionDate "2019.09.30"]
[SourceQuality "1"]

1. d4 Nf6 2. c4 c5 3. d5 e6 4. Nc3 exd5 5. cxd5 d6 6. e4 g6 7. h3 Bg7 8. Nf3 0-0 9. Bd3 Re8 10. 0-0 a6 11. a4 Nbd7 12. Re1 Qc7 13. Bf4 Nh5 14. Be3 Ne5 15. Be2 Nxf3+ 16. Bxf3 Nf6 17. Bf4 Nd7 18. Qd2 Rb8 19. Be2 Ne5 20. Be3 f5 21. Rad1 Nf7 22. exf5 Bxf5 23. Ra1 Qa5 24. Bf4 Bd4 25. Bd3 Bd7 26. h4 Qd8 27. Rxe8+ Bxe8 28. Bg3 Ne5 29. Ne4 Bf7 30. Bf4 Nxd3 31. Qxd3 Bxd5 32. Bg5 Qf8 33. Nf6+ Bxf6 34. Qxd5+ Kg7 35. Rd1 Bd4 36. Kh1 Qxf2 37. Qxd6 Re8 38. Qd7+ Qf7 39. Bh6+ Kg8 40. Qd6 Re6 41. Qb8+ Qe8 42. Qg3 Rf6 43. Re1 Qc8 44. Qd3 Rf7 45. Qc4 Bg7 46. Re7 Qf8 47. Bg5 h6 48. Qe6 hxg5 49. Re8 gxh4 50. Rxf8+ Bxf8 51. Qxg6+ Rg7 52. Qe6+ Kh8 53. Qf5 Kg8 54. Qd5+ Kh7 55. Kg1 Be7 56. Kf2 b6 57. Qf5+ Rg6 58. Qd7 Rg7 59. Qe6 b5 60. a5 b4 61. Qxa6 Rf7+ 62. Ke2 Bf6 63. b3 Bd4 64. Qd3+ Kh6 65. a6 Rf2+ 66. Ke1 Rxg2 67. a7 Rg1+ 68. Qf1 Bc3+ 69. Ke2 Rg8 70. Qf4+ 1-0

[Event "Barcelona August IM"]
[Site "Barcelona"]
[Date "2019.08.05"]
[Round "1"]
[White "Piedra Salabarria, Ernesto"]
[Black "Berdayes Ason, Dylan Isidro"]
[Result "1/2-1/2"]
[WhiteElo "2271"]
[BlackElo "2458"]
[PlyCount "54"]
[EventDate "2019.08.05"]
[EventType "tourn"]
[EventRounds "9"]
[EventCountry "ESP"]
[EventCategory "2"]
[SourceTitle "CBM 191 Extra"]
[Source "ChessBase"]
[SourceDate "2019.09.30"]
[SourceVersion "1"]
[SourceVersionDate "2019.09.30"]
[SourceQuality "1"]

1. d4 Nf6 2. Nf3 d5 3. Bf4 c5 4. e3 Nc6 5. c3 Qb6 6. Qc2 g6 7. Nbd2 Bg7 8. h3 0-0 9. Qb3 c4 10. Qxb6 axb6 11. a3 b5 12. Rc1 h6 13. Be2 Be6 14. 0-0 Nd7 15. Bd1 f5 16. h4 Nb6 17. Ne5 Kh7 18. Ndf3 Bf6 19. Bc2 Na4 20. Rb1 Rg8 21. Bh2 Na7 22. h5 gxh5 23. Kh1 Rg7 24. Ng1 Bg5 25. Ne2 h4 26. Nf4 Bxf4 27. Bxf4 Nc6 1/2-1/2

[Event "Barcelona Sant Marti op 21st"]
[Site "Barcelona"]
[Date "2019.07.14"]
[Round "2"]
[White "Piedra Salabarria, Ernesto"]
[Black "Sosa, Tomas Sebastian"]
[Result "1/2-1/2"]
[WhiteElo "2301"]
[BlackElo "2516"]
[PlyCount "116"]
[EventDate "2019.07.13"]
[EventType "swiss"]
[EventRounds "9"]
[EventCountry "ESP"]
[SourceTitle "EXT 2020"]
[Source "ChessBase"]
[SourceDate "2019.10.17"]
[SourceVersion "1"]
[SourceVersionDate "2019.10.17"]
[SourceQuality "1"]

1. d4 Nf6 2. Nf3 e6 3. g3 b5 4. Bg2 Bb7 5. 0-0 c5 6. a4 b4 7. c4 bxc3 8. bxc3 Na6 9. Nbd2 Be7 10. Rb1 Bc6 11. Nc4 0-0 12. Bf4 Nd5 13. Bd2 Rc8 14. Nfe5 Ba8 15. Ne3 Nxe3 16. Bxe3 Bxg2 17. Kxg2 cxd4 18. cxd4 Nb4 19. Bd2 a5 20. Qb3 Qb6 21. e3 Rc7 22. Kg1 Rfc8 23. Nd3 Rc4 24. Ne5 R4c7 25. Nd3 Qa7 26. Rfc1 h5 27. Rxc7 Rxc7 28. Rc1 d5 29. Rxc7 Qxc7 30. Bxb4 axb4 31. Nxb4 Qb8 32. a5 Bxb4 33. a6 Bd6 34. Qa4 Qa7 35. Qc6 Bb8 36. Qe8+ Kh7 37. Qc6 Kg6 38. h4 Kf6 39. Qe8 Qc7 40. Qh8 Kg6 41. Qe8 Ba7 42. Kg2 Qb8 43. Qe7 Qb6 44. Qg5+ Kh7 45. Qxh5+ Kg8 46. Qe2 g6 47. h5 gxh5 48. Qxh5 Kf8 49. Qh8+ Ke7 50. Qh4+ Kd7 51. Qf6 Ke8 52. Qh8+ Ke7 53. Qh4+ f6 54. Qh7+ Kd6 55. Qf7 Qxa6 56. Qxf6 Qc8 57. g4 Bb6 58. g5 Qd8 1/2-1/2

[Event "Guillermo Garcia Memorial op 26th"]
[Site "Santa Clara"]
[Date "2017.05.21"]
[Round "6"]
[White "Gutierrez Delgado, Yusuan Alfredo"]
[Black "Piedra Salabarria, Ernesto"]
[Result "0-1"]
[WhiteElo "2323"]
[BlackElo "2298"]
[PlyCount "60"]
[EventDate "2017.05.16"]
[EventType "swiss"]
[EventRounds "9"]
[EventCountry "CUB"]
[SourceTitle "CBM 178 Extra"]
[Source "ChessBase"]
[SourceDate "2017.06.22"]
[SourceVersion "1"]
[SourceVersionDate "2017.06.22"]
[SourceQuality "1"]

1. e4 g6 2. d4 Bg7 3. Nc3 d6 4. Be3 Nc6 5. Qd2 e5 6. Nge2 Nf6 7. f3 0-0 8. 0-0-0 a6 9. d5 Ne7 10. h4 h5 11. g3 b5 12. Bh3 b4 13. Nb1 Bxh3 14. Rxh3 c6 15. dxc6 Nxc6 16. Qxd6 Qc8 17. Rh2 Rd8 18. Qc5 Rxd1+ 19. Kxd1 Qe6 20. Nd2 Rd8 21. Kc1 Nd4 22. Bxd4 exd4 23. Nf4 Qxa2 24. e5 Nd5 25. Nd3 Nc3 26. bxc3 dxc3 27. Qxb4 cxd2+ 28. Rxd2 Bf8 29. Qc3 Rc8 30. Qd4 Rc4 0-1

[Event "Guillermo Garcia Memorial op 26th"]
[Site "Santa Clara"]
[Date "2017.05.19"]
[Round "4"]
[White "Miranda Llanes, Yerisbel"]
[Black "Piedra Salabarria, Ernesto"]
[Result "0-1"]
[WhiteElo "2259"]
[BlackElo "2298"]
[PlyCount "148"]
[EventDate "2017.05.16"]
[EventType "swiss"]
[EventRounds "9"]
[EventCountry "CUB"]
[SourceTitle "CBM 178 Extra"]
[Source "ChessBase"]
[SourceDate "2017.06.22"]
[SourceVersion "1"]
[SourceVersionDate "2017.06.22"]
[SourceQuality "1"]

1. d4 Nf6 2. c4 g6 3. Nc3 Bg7 4. e4 d6 5. Nf3 0-0 6. Be2 e5 7. 0-0 Nbd7 8. Be3 c6 9. dxe5 dxe5 10. b4 Qc7 11. Qb3 Re8 12. Rfd1 Ng4 13. Bd2 Nf8 14. h3 Nf6 15. Be3 Ne6 16. c5 Nh5 17. Rac1 Nef4 18. Bc4 Be6 19. Ng5 Bxc4 20. Qxc4 Qe7 21. Nf3 Rad8 22. a4 Qe6 23. Qxe6 Nxe6 24. Nd2 f5 25. exf5 gxf5 26. Nc4 f4 27. Bd2 Nd4 28. Rb1 f3 29. Nd6 Re7 30. g3 Red7 31. Kf1 Nf6 32. Be3 h6 33. g4 Ne8 34. Nce4 Nxd6 35. Nxd6 Bf8 36. Ne4 Kf7 37. Rd3 Nc2 38. Rxd7+ Rxd7 39. Kg1 Rd3 40. Ng3 Nxe3 41. fxe3 Rxe3 42. Kf2 Ra3 43. a5 Ke6 44. Rd1 Rb3 45. Nf5 Rxb4 46. Kxf3 h5 47. Rd8 hxg4+ 48. hxg4 Bxc5 49. Re8+ Kf6 50. Ng3 Rf4+ 51. Kg2 Rxg4 52. Kf3 Rf4+ 53. Ke2 Ra4 54. Rb8 e4 55. Rxb7 Ra2+ 56. Kd1 Ke5 57. Rc7 Bf2 58. Ne2 Kd6 59. Rf7 e3 60. Nc3 Rd2+ 61. Kc1 Rd3 62. Ne2 Rd2 63. Nc3 Ke6 64. Rxa7 e2 65. Nxe2 Rxe2 66. Ra8 Kd7 67. Kb1 Bd4 68. Rb8 Kc7 69. Rb4 c5 70. Rb5 Re1+ 71. Kc2 Ra1 72. Kd3 Kc6 73. Rb6+ Kd5 74. Ra6 Ra2 0-1

[Event "Guillermo Garcia Memorial op 24th"]
[Site "Santa Clara"]
[Date "2015.06.04"]
[Round "2"]
[White "Piedra Salabarria, Ernesto"]
[Black "Charon Mustelier, Manuel"]
[Result "1/2-1/2"]
[WhiteElo "2278"]
[BlackElo "2175"]
[PlyCount "132"]
[EventDate "2015.06.03"]
[EventType "swiss"]
[EventRounds "9"]
[EventCountry "CUB"]
[SourceTitle "CBM 167 Extra"]
[Source "ChessBase"]
[SourceDate "2015.09.14"]
[SourceVersion "1"]
[SourceVersionDate "2015.09.14"]
[SourceQuality "1"]

1. d4 Nf6 2. c4 e6 3. Nc3 c5 4. d5 exd5 5. cxd5 d6 6. g3 g6 7. Bg2 Bg7 8. Nf3 0-0 9. 0-0 a6 10. a4 Re8 11. Nd2 Nbd7 12. Re1 Rb8 13. Nc4 Nb6 14. Na3 Na8 15. Bd2 Ng4 16. h3 Nh6 17. Bf4 f5 18. e4 Nf7 19. Nc4 Nb6 20. Nd2 Nd7 21. exf5 gxf5 22. Qc2 Nde5 23. Be3 b5 24. f4 Nc4 25. Nxc4 bxc4 26. Bf2 Bd4 27. Bf1 Bd7 28. Bxc4 Qa5 29. Rxe8+ Rxe8 30. Ne2 Bxf2+ 31. Kxf2 Rb8 32. b3 Re8 33. Rc1 Bc8 34. Qc3 Qd8 35. Ng1 Re4 36. Bd3 Re7 37. Nf3 Bb7 38. Bxf5 Bxd5 39. Rd1 Bxf3 40. Qxf3 Qb6 41. Kg2 c4 42. bxc4 Qb2+ 43. Kg1 Re2 44. Bd3 Qb6+ 45. Kh1 Re3 46. Qg4+ Kf8 47. Bf1 Qb3 48. Kh2 Rxg3 49. Qxg3 Qxd1 50. Bg2 Qxa4 51. Qd3 a5 52. Bd5 Qa2+ 53. Kg3 Qa1 54. Qxh7 Qg7+ 55. Qxg7+ Kxg7 56. Bc6 Kf6 57. Kf3 Nd8 58. Bb5 Ne6 59. Ke3 Nc5 60. h4 a4 61. Kd4 a3 62. Kc3 Nd3 63. Kb3 Nxf4 64. Kxa3 Ng6 65. h5 Ne5 66. Kb4 Nxc4 1/2-1/2

[Event "Guillermo Garcia Memorial op 24th"]
[Site "Santa Clara"]
[Date "2015.06.03"]
[Round "1"]
[White "Rodriguez Dominguez, Melissa"]
[Black "Piedra Salabarria, Ernesto"]
[Result "0-1"]
[WhiteElo "2110"]
[BlackElo "2278"]
[PlyCount "128"]
[EventDate "2015.06.03"]
[EventType "swiss"]
[EventRounds "9"]
[EventCountry "CUB"]
[SourceTitle "CBM 167 Extra"]
[Source "ChessBase"]
[SourceDate "2015.09.14"]
[SourceVersion "1"]
[SourceVersionDate "2015.09.14"]
[SourceQuality "1"]

1. e4 c5 2. Nf3 Nc6 3. Nc3 g6 4. d4 cxd4 5. Nxd4 Bg7 6. Be3 Nf6 7. Be2 0-0 8. 0-0 d5 9. exd5 Nxd5 10. Nxd5 Qxd5 11. Bf3 Qa5 12. Nxc6 bxc6 13. Qd2 Qxd2 14. Bxd2 Rb8 15. Bxc6 Rxb2 16. Ba4 Bf5 17. Rfc1 Rc8 18. Rab1 Rxa2 19. Bb3 Ra6 20. Be3 h5 21. f3 Rc7 22. Bd5 e6 23. Rb8+ Kh7 24. Bb3 Ra3 25. Kf2 a5 26. Ra8 Bb2 27. Rd1 Bxc2 28. Bxc2 Rxc2+ 29. Rd2 Rxd2+ 30. Bxd2 Bd4+ 31. Ke2 a4 32. Bb4 Ra2+ 33. Kd3 Bf6 34. g3 g5 35. h4 gxh4 36. gxh4 Rh2 37. Be1 Rh1 38. Ke2 Rh2+ 39. Kd3 Ra2 40. Bb4 Ra1 41. Ke2 Kg7 42. Ra5 Kg6 43. Ra8 Bb2 44. Kd2 Rh1 45. Kc2 Rh2+ 46. Kd3 Rxh4 47. Be7 f6 48. Bc5 a3 49. Bxa3 Bxa3 50. Rxa3 Rb4 51. Ra1 h4 52. Rh1 Kh5 53. Ke3 Rb8 54. Kf2 Rb2+ 55. Ke3 Rg2 56. Rc1 h3 57. Rc8 Rg6 58. Rh8+ Rh6 59. Rxh6+ Kxh6 60. Kf2 Kg5 61. Kg3 h2 62. Kxh2 Kf4 63. Kg2 Ke3 64. Kg3 f5 0-1

[Event "CUB-ch U18"]
[Site "San Nicolas de Bari"]
[Date "2012.04.17"]
[Round "5"]
[White "Piedra Salabarria, Ernesto"]
[Black "Diaz Perez, Michel Alejandro"]
[Result "1/2-1/2"]
[WhiteElo "2055"]
[BlackElo "2312"]
[PlyCount "58"]
[EventDate "2012.04.15"]
[EventType "swiss"]
[EventRounds "9"]
[EventCountry "CUB"]
[SourceTitle "CBM 148 Extra"]
[Source "ChessBase"]
[SourceDate "2012.06.22"]
[SourceVersion "1"]
[SourceVersionDate "2012.06.22"]
[SourceQuality "1"]

1. d4 d5 2. c4 c6 3. Nf3 Nf6 4. Nc3 a6 5. cxd5 cxd5 6. Bf4 Nc6 7. e3 Bf5 8. Ne5 Qb6 9. Nxc6 bxc6 10. Qb3 Nd7 11. Be2 e6 12. 0-0 Be7 13. Rfc1 Qa7 14. Qa4 0-0 15. Qxc6 Rfc8 16. Qa4 Nb6 17. Qd1 Nc4 18. Na4 Qb7 19. Qb3 Qc6 20. Nb6 Qxb6 21. Rxc4 Qxb3 22. Rxc8+ Rxc8 23. axb3 g5 24. g4 Bg6 25. Be5 f6 26. Bg3 Rc2 27. Bxa6 Rxb2 28. Bc8 Bf7 29. Ra7 Bf8 1/2-1/2